Top 10 Songs by Led Zeppelin - Statistics

General Stats
  • This quiz has been taken 30 times
  • The average score is 7 of 10
Answer Stats
Hint Answer % Correct
1 Stairway to Heaven
100%
6 Black Dog
96%
3 Kashmir
91%
4 Immigrant Song
83%
2 Whole Lotta Love
78%
8 Rock and Roll
70%
7 When the Levee Breaks
70%
9 Dazed and Confused
57%
5 Ramble On
48%
10 Over the Hills and Far Away
39%
No matching quizzes found
Score Distribution
Percent of People with Each Score
Percentile by Number Answered
Your Score History
You have not taken this quiz